Daredevil epic collection. 1994-1995. Root of evil ... Read More
Available copies
- 1 of 1 copy available at LARL/NWRL Consortium.
- 1 of 1 copy available at Lake Agassiz Regional Library. (Show preferred library)
Current holds
0 current holds with 1 total copy.
Show Only Available Copies
| Location | Call Number / Copy Notes | Barcode | Shelving Location | Status | Due Date |
|---|---|---|---|---|---|
| Crookston Public Library | Y G DAR (Text) | 33500014053748 | Main | Available | - |
Record details
- ISBN: 9781302957919
- ISBN: 1302957910
- Physical Description: 1 volume (unpaged) : illustrations (chiefly color) ... Read More
- Edition: Second edition.
- Publisher: New York, NY : Marvel Worldwide, Inc., [2024]
Content descriptions
| General Note: | "Contains material originally published in magazine form as Daredevil (1964) #333-344 and Elektra: ... Read More |
| Formatted Contents Note: | Fathoms of humanity, part one of five: Help ... Read More |
Search for related items by subject
| Subject: | Daredevil (Fictitious character from Marvel Comics Group) > Comic books, strips, etc. Elektra (Fictitious character) > Comic books, strips, etc. Superheroes > Comic books, strips, etc. |
| Genre: | superhero comics. Superhero comics. Comics (Graphic works) |
Search for related items by series
| LDR | 06887cam a2200901 i 4500 | ||
|---|---|---|---|
| 001 | 445306 | ||
| 003 | LARL_NWRL_CONSORTIUM | ||
| 005 | 20240909210112.0 | ||
| 008 | 240323s2024 nyua 6 000 1 eng d | ||
| 040 | . | ‡aYDX ‡beng ‡erda ‡cYDX ‡dJAS ‡dOCLCO ‡dYDX | |
| 020 | . | ‡a9781302957919 ‡q(paperback) | |
| 020 | . | ‡a1302957910 ‡q(paperback) | |
| 035 | . | ‡a(OCoLC)1427564392 | |
| 082 | 0 | 4. | ‡a741.5/973 ‡223/eng/20240815 |
| 245 | 1 | 0. | ‡aDaredevil epic collection. ‡p1994-1995. ‡pRoot of evil / ‡cwriters: Gregory Wright, D.G. Chichester, Alan Smithee, Warren Ellis & J.M. Dematteis ; pencilers: Tom Grindberg, Scott McDaniel, Alexander Jubran, Keith Pollard & Ron Wagner with Arvell Jones ; inkers: Ray Kryssing, Don Hudson, Hector Collazo, Ande Parks, Art Nichols, Tom Palmer & Bill Reinhold with Nando Prud-homme, Bud LaRosa, Rodney Ramos & Marie Severin ; colorists: Eva Grinberg, Christie Scheele, John Kalisz & Heroic Age with Linda Gilmore, Jim Hoston & Paul Becton ; letterers: Jon Babcock, Bill Oakley/NJQ, Janice Chiang & Jim Novak with Jeff Powell. |
| 246 | 3 | 0. | ‡aRoot of evil |
| 246 | 3 | . | ‡aDaredevil, the man without fear! ‡pRoot of evil |
| 246 | 1 | 8. | ‡aDaredevil. ‡pRoot of evil |
| 246 | 3 | . | ‡aDaredevil epic collection. ‡pRoot of evil |
| 246 | 3 | . | ‡aDaredevil epic collection. ‡pVolume 16. ‡p1994-1995 |
| 250 | . | ‡aSecond edition. | |
| 264 | 1. | ‡aNew York, NY : ‡bMarvel Worldwide, Inc., ‡c[2024] | |
| 300 | . | ‡a1 volume (unpaged) : ‡billustrations (chiefly color) ; ‡c26 cm. | |
| 336 | . | ‡atext ‡btxt ‡2rdacontent | |
| 336 | . | ‡astill image ‡bsti ‡2rdacontent | |
| 337 | . | ‡aunmediated ‡bn ‡2rdamedia | |
| 338 | . | ‡avolume ‡bnc ‡2rdacarrier | |
| 490 | 0 | . | ‡aDaredevil. Epic collection ; ‡v19 |
| 500 | . | ‡a"Contains material originally published in magazine form as Daredevil (1964) #333-344 and Elektra: Root of Evil #1-4"--Indicia. | |
| 505 | 0 | 0. | ‡tFathoms of humanity, part one of five: Help unwanted (#333) -- ‡tElektra report (#333) -- ‡tFathoms of humanity, part two of five: Bearing false witness (#334) -- ‡tQuiet time (#334) -- ‡tFathoms of humanity, part three of five: Not in my backyard (#335) -- ‡tElektra report (#335) -- ‡tFathoms of humanity, part four of five: Resurrection of duty (#336) -- ‡tChild care (#336) -- ‡tFathoms of humanity, part five of five: Heart of the fire (#337) -- ‡tElektra report (#337) -- ‡tElektra: Root of evil. Book one: The force of the killer -- ‡tBook two: Murderer's bible -- ‡tBook three: Hour of the wolf -- ‡tBook four: She who slays -- ‡tTreachery (#338) -- ‡tBetrayal (#339) -- ‡tSubversion (#340) -- ‡tDuplicity (#341) -- ‡tMalignancy (#342) -- ‡tRecross (#343) -- ‡tOver the edge, part two: Old soldiers (#344). |
| 600 | 0 | 0. | ‡aDaredevil ‡c(Fictitious character from Marvel Comics Group) ‡vComic books, strips, etc. |
| 600 | 0 | 0. | ‡aElektra ‡c(Fictitious character) ‡vComic books, strips, etc. |
| 650 | 0. | ‡aSuperheroes ‡vComic books, strips, etc. | |
| 655 | 7. | ‡asuperhero comics. ‡2aat | |
| 655 | 7. | ‡aSuperhero comics. ‡2lcgft | |
| 655 | 7. | ‡aComics (Graphic works) ‡2lcgft | |
| 700 | 1 | . | ‡aWright, Gregory, ‡ewriter. ‡1https://id.oclc.org/worldcat/entity/E39PBJwHc4BKpMkGgYfbxP8jYP ‡0(LARL_NWRL_CONSORTIUM)103820 |
| 700 | 1 | . | ‡aChichester, Dan, ‡d1964- ‡ewriter. ‡1https://id.oclc.org/worldcat/entity/E39PBJmxTcG6WkFddKCtTpDTHC |
| 700 | 1 | . | ‡aSmithee, Alan, ‡ewriter. ‡1https://id.oclc.org/worldcat/entity/E39PCjMvp6KHdjpckGpWBP8w83 ‡0(LARL_NWRL_CONSORTIUM)187299 |
| 700 | 1 | . | ‡aEllis, Warren, ‡ewriter. ‡1https://id.oclc.org/worldcat/entity/E39PBJmtyMK84KppDP6gyKd4v3 ‡0(LARL_NWRL_CONSORTIUM)141990 |
| 700 | 1 | . | ‡aDeMatteis, J. M., ‡ewriter. ‡1https://id.oclc.org/worldcat/entity/E39PBJpjgCfh4BbkGDhjGmjDMP ‡0(LARL_NWRL_CONSORTIUM)86179 |
| 700 | 1 | . | ‡aGrindberg, Tom, ‡epenciler. ‡1https://id.oclc.org/worldcat/entity/E39PBJr7RMY8tf3f84kVbCtFrq |
| 700 | 1 | . | ‡aMcDaniel, Scott, ‡epenciler. ‡1https://id.oclc.org/worldcat/entity/E39PBJgRVV4m7qvCjhT7DrqxXd ‡0(LARL_NWRL_CONSORTIUM)186963 |
| 700 | 1 | . | ‡aJubran, Alexander, ‡epenciler. ‡1https://id.oclc.org/worldcat/entity/E39PCjFcmBkFQtr7DxDghtwkCP |
| 700 | 1 | . | ‡aPollard, Keith, ‡epenciler. ‡1https://id.oclc.org/worldcat/entity/E39PBJyrYdK9rjk48qBktqdWjC |
| 700 | 1 | . | ‡aWagner, Ron ‡q(Ron J.), ‡epenciler. ‡1https://id.oclc.org/worldcat/entity/E39PBJk4HVp9wjFyTJVFDCTyh3 |
| 700 | 1 | . | ‡aJones, Arvell, ‡epenciler. ‡1https://id.oclc.org/worldcat/entity/E39PCjxccyV4DkDrbYCWWkqpvb |
| 700 | 1 | . | ‡aKryssing, Ray, ‡einker. ‡1https://id.oclc.org/worldcat/entity/E39PCjrwqXQ7hrHw3x7GxgBWrC ‡0(LARL_NWRL_CONSORTIUM)135973 |
| 700 | 1 | . | ‡aHudson, Don, ‡einker. ‡1https://id.oclc.org/worldcat/entity/E39PCjCvFQ9X8y8xFdGPM4P7tq ‡0(LARL_NWRL_CONSORTIUM)183675 |
| 700 | 1 | . | ‡aCollazo, Hector, ‡einker. ‡1https://id.oclc.org/worldcat/entity/E39PBJgCQh9ty4qH8GDRJkYkjC |
| 700 | 1 | . | ‡aParks, Ande, ‡einker. ‡1https://id.oclc.org/worldcat/entity/E39PBJy8t38KMwjGHCMdMtyDbd |
| 700 | 1 | . | ‡aNichols, Art, ‡einker. ‡1https://id.oclc.org/worldcat/entity/E39PCjGrGq4Yh7RCrYgXXJ7gDq |
| 700 | 1 | . | ‡aPalmer, Tom, ‡d1942-2022, ‡einker. ‡1https://id.oclc.org/worldcat/entity/E39PBJB4fM6rRW4jxrF6dwRh73 |
| 700 | 1 | . | ‡aReinhold, Bill, ‡einker. ‡1https://id.oclc.org/worldcat/entity/E39PBJwhCjbHqB4k3tDMTvfg8C ‡0(LARL_NWRL_CONSORTIUM)115671 |
| 700 | 1 | . | ‡aPrud-Homme, Nando, ‡einker. ‡1https://id.oclc.org/worldcat/entity/E39PCjKkwJxh3HpcHdmDxqy3HC |
| 700 | 1 | . | ‡aLaRosa, Bud, ‡d1966- ‡einker. ‡1https://id.oclc.org/worldcat/entity/E39PCjy8GQQK6hwGVRWxVGtf9C |
| 700 | 1 | . | ‡aRamos, Rodney, ‡einker. ‡1https://id.oclc.org/worldcat/entity/E39PCjGgf4pVXhCTBpDqJ8mjmd ‡0(LARL_NWRL_CONSORTIUM)134499 |
| 700 | 1 | . | ‡aSeverin, Marie, ‡einker. ‡1https://id.oclc.org/worldcat/entity/E39PBJh8VX8v8pBTcvRmh4dmh3 ‡0(LARL_NWRL_CONSORTIUM)183702 |
| 700 | 1 | . | ‡aGrindberg, Eva, ‡ecolorist. ‡1https://id.oclc.org/worldcat/entity/E39PCjCPGqx6HHYFbKqTdQB4WP |
| 700 | 1 | . | ‡aScheele, Christie, ‡ecolorist. ‡1https://id.oclc.org/worldcat/entity/E39PCjM7CMYkWWh7BMcQxhQ76q |
| 700 | 1 | . | ‡aKalisz, John, ‡ecolorist. ‡1https://id.oclc.org/worldcat/entity/E39PBJrCdwKktfmBtJtqdmwjYP |
| 700 | 1 | . | ‡aGilmore, Linda, ‡ecolorist. ‡1https://id.oclc.org/worldcat/entity/E39PCjKThRTRpRdf3pwBgYVjqP |
| 700 | 1 | . | ‡aHoston, Jim, ‡ecolorist. ‡1https://id.oclc.org/worldcat/entity/E39PCjrB9rKBbfPpJvKWw7pVmd |
| 700 | 1 | . | ‡aBecton, Paul, ‡ecolorist. ‡1https://id.oclc.org/worldcat/entity/E39PCjFp99f3YjvBkHDhcYbMHd |
| 700 | 1 | . | ‡aBabcock, Jon, ‡eletterer. ‡1https://id.oclc.org/worldcat/entity/E39PCjwqg6gtPypDXhRFxf6vQC |
| 700 | 1 | . | ‡aOakley, Bill, ‡eletterer. ‡1https://id.oclc.org/worldcat/entity/E39PBJjMFf9GQpJb9hJ77rBHG3 |
| 700 | 1 | . | ‡aChiang, Janice, ‡eletterer. ‡1https://id.oclc.org/worldcat/entity/E39PBJmPbbGw797qrxtHJ6jpyd ‡0(LARL_NWRL_CONSORTIUM)187802 |
| 700 | 1 | . | ‡aNovak, Jim, ‡eletterer. ‡1https://id.oclc.org/worldcat/entity/E39PCjB4TXhw6T9PwWwKqVQ3w3 |
| 700 | 1 | . | ‡aPowell, Jeff ‡c(Letterer), ‡eletterer. ‡1https://id.oclc.org/worldcat/entity/E39PCjtjYwbc6y6MfBPJVmkWCP |
| 710 | 2 | . | ‡aHeroic Age Studios, ‡ecolorist. |
| 730 | 0 | . | ‡iSelections form: ‡aDaredevil (Comic book series : 1964-1998) |
| 901 | . | ‡a445306 ‡bAUTOGEN ‡c445306 ‡tbiblio | |

Add to basket
Permalink
Disable Highlighting